Reflexia nad novelou Prútené kreslá (k nedožitým 85. Narodeninám Dominika Tatarku) [!]

Podrobná bibliografia
Hlavný autor: Lomenčík, Július, 1961- (Autor)
Médium: Článok
Jazyk:slovenčina
ISSN:1335-3624
Predmet:

MARC

LEADER 00000nab a2200000 a 4500
001 vtls000824908
003 SK-MaSNL
005 20260304121908.0
008 250429c1998 xo 0 slo
015 |a SNBRB2003/02-04601 
035 |a CLN000176563 
035 |a urn:nbn:sk:snk-ab781m 
035 |a (uuid)d56c6be6-2af3-4d1d-88ba-771e934eaec2 
035 |a (urnnbn)urn:nbn:sk:snk:ar-a075v3 
035 |a (sysno)vtls000824908 
040 |a SNKBUCL  |b slo  |c SNKBUCL  |e AACR2 
041 0 |a slo 
044 |a xo  |c SK 
080 |a 82.09:885.4-3  |2 1981 
080 |a 82:929:885.4  |2 1981 
080 |a 885.4:929  |2 1981 
100 1 |a Lomenčík, Július,  |d 1961-  |4 aut  |9 102348 
245 1 0 |a Reflexia nad novelou Prútené kreslá  |b (k nedožitým 85. Narodeninám Dominika Tatarku) [!]  |c Július Lomenčík 
600 1 7 |a Tatarka, Dominik,  |d 1913-1989  |t Prútené kreslá  |2 snkbucl  |9 86433 
655 7 |a úvahy  |2 snkbucl  |9 29403 
773 0 |t Filologická revue  |g Roč. 1, č. 1 (1998), s. 61-64  |x 1335-3624 
850 |a Slovenská národná knižnica 
852 |a Slovenská národná knižnica 
954 |a odborná, vedecká literatúra pôvodná (slovenská)  |2 lita 
958 |a article27 
958 |a OND 
958 |a LX 
958 |a EUIPO 
999 |c 2887643  |d 2889573